Statistics for Countries by Highest Population In 1500

Click here to take the quiz!

General Stats

  • This quiz has been taken 25 times
  • The average score is 4 of 10

Answer Stats

Population% of WorldCountry% Correct
103 000 00025.8Ming China
100%
16 250 0003.7France
80%
15 000 000---Ottoman Empire
80%
23 000 0005.8Holy Roman Empire
76%
12 000 0002.7Inca Empire
44%
13 000 000---Bengal Sultanate
16%
20 000 000---Delhi Sultanate
16%
20 000 000---Kingdom of Mali
12%
18 000 0003.7Vijayanagara Empire
4%
10 810 0002.4Songhai Empire
0%

Score Distribution

Percentile by Number Answered

Percent of People with Each Score

Your Score History

You have not taken this quiz